[Event "XXVII Silesian Cup"]
[Site "Legnica POL"]
[Date "2011.11.28"]
[Round "7"]
[White "Kolosowski,M"]
[Black "Tomczak,J"]
[Result "0-1"]
[WhiteElo "2435"]
[BlackElo "2544"]

1.d4 Nf6 2.c4 g6 3.Nc3 d5 4.cxd5 Nxd5 5.e4 Nxc3 6.bxc3 Bg7 7.Bc4 c5 8.Ne2 O-O
9.O-O Nc6 10.Be3 Qc7 11.Rc1 Rd8 12.Nf4 e6 13.d5 Na5 14.Be2 e5 15.Nd3 Nc4
16.Bg5 f6 17.Bh4 b6 18.Bg4 Bxg4 19.Qxg4 Rf8 20.f4 f5 21.Qh3 fxe4 22.fxe5 exd3
23.Qe6+ Kh8 24.d6 Qc6 25.Qxc4 Bxe5 26.Be7 d2 27.Rcd1 b5 28.Qe6 Qe4 29.Kh1 Rxf1+
30.Rxf1 Qf4  0-1

[Event "XXVII Silesian Cup"]
[Site "Legnica POL"]
[Date "2011.11.29"]
[Round "8"]
[White "Sieciechowicz,M"]
[Black "Kolosowski,M"]
[Result "1/2-1/2"]
[WhiteElo "2441"]
[BlackElo "2435"]

1.d4 Nf6 2.c4 g6 3.Nc3 d5 4.cxd5 Nxd5 5.e4 Nxc3 6.bxc3 Bg7 7.Bc4 c5 8.Ne2 Nc6
9.Be3 O-O 10.O-O Na5 11.Bd3 b6 12.Qd2 e5 13.Bh6 Be6 14.Bxg7 Kxg7 15.f4 f6
16.fxe5 fxe5 17.Rxf8 Qxf8 18.Qe3 Rd8 19.Rf1 Qe7 20.d5 Bg4 21.Ng3 c4 22.Be2 Bc8
23.Rf2 b5 24.h4 a6 25.h5 Nb7 26.h6+ Kg8 27.Nh5 gxh5 28.Bxh5 Kh8 29.Bf7 Rf8
30.Qf3 Qg5  1/2-1/2

[Event "25th Belgrade Trophy"]
[Site "Obrenovac SRB"]
[Date "2011.11.30"]
[Round "7.34"]
[White "Dzunic,V"]
[Black "Sarenac,D"]
[Result "0-1"]
[WhiteElo "2079"]
[BlackElo "2292"]

1.d4 Nf6 2.c4 g6 3.Nc3 d5 4.cxd5 Nxd5 5.e4 Nxc3 6.bxc3 Bg7 7.Be3 c5 8.Qd2 O-O
9.Rc1 Qa5 10.Nf3 Nd7 11.Bd3 e5 12.d5 b5 13.O-O c4 14.Be2 Qc7 15.Bh6 Bxh6
16.Qxh6 f6 17.Qd2 Qd6 18.Qb2 Rb8 19.Nd2 Nc5 20.Qb4 Bd7 21.a4 bxa4 22.Nxc4 Qc7
23.Nd2 Nd3 24.Bxd3 Rxb4 25.cxb4 Qb6 26.Rfd1 Qxb4 27.Rc7 Bg4 28.Rb1 Qxd2 29.Rbb7 Qe1+
30.Bf1 Rc8 31.Rg7+ Kf8 32.Rgf7+ Ke8 33.Rfe7+ Kd8  0-1

[Event "Cultural Village Tournament"]
[Site "Wijk aan Zee NED"]
[Date "2011.11.30"]
[Round "9.1"]
[White "Bernadskiy,V"]
[Black "Bok,B"]
[Result "0-1"]
[WhiteElo "2439"]
[BlackElo "2513"]

1.d4 Nf6 2.c4 g6 3.Nc3 d5 4.cxd5 Nxd5 5.e4 Nxc3 6.bxc3 Bg7 7.Be3 c5 8.Qd2 Qa5
9.Rc1 cxd4 10.cxd4 Qxd2+ 11.Bxd2 O-O 12.Nf3 e6 13.h4 Nc6 14.e5 Rd8 15.Bg5 Re8
16.Be3 h6 17.Nd2 Rd8 18.Rc4 Bd7 19.Ne4 Ne7 20.f3 Bc6 21.Kf2 Bd5 22.Rc2 Nf5
23.Nc3 Bc6 24.Ne2 Rac8 25.g4 Nxe3 26.Kxe3 Bd5 27.Rd2 Bf8 28.Bg2 Bb4 29.Rb2 Ba3
30.Rd2 Rc7 31.Rd3 Be7 32.Rc3 Rcd7 33.Rc2 b5 34.h5 g5 35.Rd1 b4 36.Rd3 a5
37.Ng3 a4 38.Ne4 Ra7 39.Bf1 Rb8 40.Rdd2 b3 41.axb3 Rxb3+ 42.Kf2 a3 43.Be2 Rb8
44.Nc3 Bb3 45.Rc1 Bb4 46.Rd3 Bc4 47.Rdd1 Bxc3 48.Rxc3 Bxe2 49.Kxe2 a2 50.Rcc1 Ra3
51.Ra1 Rb2+ 52.Rd2 Rxd2+ 53.Kxd2 Rxf3 54.Kc2 Rf2+ 55.Kb3 Rd2 56.Kc3 Rg2 57.Kc4 Kg7
58.Kc5 Kf8 59.Kd6 Rxg4 60.Rxa2 Rxd4+ 61.Kc6 Kg7 62.Rf2 Rf4 63.Ra2 Rh4 64.Kd6 Rxh5
65.Ke7 g4  0-1

[Event "Porec Open 2011"]
[Site "Porec CRO"]
[Date "2011.12.01"]
[Round "2"]
[White "Rafaelic,Denis"]
[Black "Gakic,Miodrag"]
[Result "1-0"]
[WhiteElo "1745"]
[BlackElo "1887"]

1.d4 Nf6 2.c4 g6 3.Nc3 d5 4.cxd5 Nxd5 5.e4 Nxc3 6.bxc3 Bg7 7.Be3 O-O 8.Nf3 c5
9.Qd2 Qa5 10.Rd1 Bg4 11.Bc4 Nc6 12.O-O Rad8 13.Qb2 Bxf3 14.gxf3 Rd7 15.e5 e6
16.f4 Rfd8 17.Be2 Bf8 18.Bf3 Qa4 19.Bxc6 Qxc6 20.Qe2 Qe4 21.Qd3 Qf3 22.Bc1 Qxd3
23.Rxd3 cxd4 24.cxd4 Rxd4 25.Rxd4 Rxd4 26.Be3 Ra4 27.Rc1 Rxa2 28.f5 f6 29.fxe6 Be7
30.Rc7 Kf8 31.Rc8+ Kg7 32.Rc7 Kf8 33.Rc8+ Kg7 34.Rc7 Kf8 35.Bh6+ Ke8 36.Rc8+ Bd8
37.exf6  1-0

[Event "VIII Regina Prol"]
[Site "Santos BRA"]
[Date "2011.12.01"]
[Round "8.4"]
[White "Abdalla,L"]
[Black "Bispo,L"]
[Result "1/2-1/2"]
[WhiteElo "2274"]
[BlackElo "2192"]

1.d4 Nf6 2.c4 g6 3.Nc3 d5 4.cxd5 Nxd5 5.e4 Nxc3 6.bxc3 Bg7 7.Be3 c5 8.Qd2 O-O
9.Rc1 Qa5 10.Nf3 Bg4 11.Be2 Rd8 12.d5 Nc6 13.h3 Bxf3 14.Bxf3 e6 15.O-O Ne5
16.Be2 exd5 17.exd5 c4 18.Rfd1 Nd3 19.Bxd3 Rxd5 20.Bd4 cxd3 21.Qxd3 Rad8
22.Qb1 Qc7 23.Bxg7 Kxg7 24.Rxd5 Rxd5 25.Qb2 b6 26.Re1 Qc4 27.Qb3 Rc5 28.Re3 Qxb3  1/2-1/2

[Event "Porec Open 2011"]
[Site "Porec CRO"]
[Date "2011.12.02"]
[Round "3.1"]
[White "Zaja,I"]
[Black "Zufic,M"]
[Result "1-0"]
[WhiteElo "2508"]
[BlackElo "2409"]

1.d4 Nf6 2.c4 g6 3.Nc3 d5 4.cxd5 Nxd5 5.e4 Nxc3 6.bxc3 Bg7 7.Be3 c5 8.Qd2 O-O
9.Nf3 Qa5 10.Rc1 Nd7 11.Bd3 e5 12.dxe5 Nxe5 13.Nxe5 Bxe5 14.O-O Rd8 15.Qc2 Bd7
16.Bc4 Ba4 17.Qe2 Rd7 18.f4 Bxc3 19.f5 Bd4 20.Bxd4 cxd4 21.e5 d3 22.Bxd3 Rxd3
23.Qxd3 Qxe5 24.fxg6 hxg6 25.Qc4 Be8 26.Rce1 Qb5 27.Qc3 Qd5 28.Re5 Qc6 29.Rc5 Qb6
30.h4 Rc8 31.Rc1 Rxc5 32.Qxc5 Qb2 33.Qc2 Qb6+ 34.Qf2 Qb4 35.Rc8 Qe4 36.Qf6 a5
37.Kh2 Qe2 38.a3 Qe4 39.h5 Kh7 40.hxg6+ fxg6 41.Rc7+ Kh6 42.Qh8+ Kg5 43.Rc5+ Kf4
44.Qh4+  1-0

[Event "Porec Open 2011"]
[Site "Porec CRO"]
[Date "2011.12.02"]
[Round "5.3"]
[White "Havas,Ju"]
[Black "Zufic,M"]
[Result "0-1"]
[WhiteElo "2070"]
[BlackElo "2409"]

1.d4 Nf6 2.c4 g6 3.Nc3 d5 4.cxd5 Nxd5 5.e4 Nxc3 6.bxc3 Bg7 7.Nf3 c5 8.Rb1 O-O
9.Be2 b6 10.Qd3 Ba6 11.Qd2 Bxe2 12.Qxe2 Nc6 13.d5 Bxc3+ 14.Bd2 Nd4 15.Nxd4 Bxd4
16.h4 e6 17.dxe6 fxe6 18.Be3 Qf6 19.h5 Rad8 20.Rh3 Bxe3 21.Qxe3 Qd4 22.hxg6 hxg6
23.Rg3 Qxe3+ 24.Rxe3 Rd4 25.Rb2 Kg7 26.Ke2 Rfd8 27.Ra3 R8d7 28.Ke3 g5 29.f4 Kf6
30.g3 gxf4+ 31.gxf4 Rh7 32.Rf2 a5 33.Rb3 Rb4 34.Rxb4 axb4 35.Kd3 b5 36.Rg2 Ra7
37.Rc2 Ra3+ 38.Ke2 c4 39.Rb2 Ra4 40.Ke3 e5 41.f5 Ke7 42.Ke2 Kd6 43.Rd2+ Kc6
44.f6 c3 45.f7 Ra8 46.Rd5 Rf8 47.Rxe5 Rxf7 48.Re8 Ra7 49.Re6+ Kc5 50.Kd3 Rxa2
51.Re5+ Kb6 52.Re6+ Ka5 53.Rc6 Rd2+ 54.Ke3 Rd1  0-1

[Event "TCh-BEL 2011-12"]
[Site "Gent BEL"]
[Date "2011.12.04"]
[Round "5.3"]
[White "Groffen,H"]
[Black "Bok,B"]
[Result "1/2-1/2"]
[WhiteElo "2207"]
[BlackElo "2488"]

1.d4 Nf6 2.c4 g6 3.Nc3 d5 4.cxd5 Nxd5 5.e4 Nxc3 6.bxc3 Bg7 7.Nf3 c5 8.Be3 Qa5
9.Qd2 Nc6 10.Rc1 cxd4 11.cxd4 Qxd2+ 12.Kxd2 O-O 13.Bb5 Rd8 14.Bxc6 bxc6 15.Rc5 f5
16.exf5 Bxf5 17.Ne5 Rd5 18.Rhc1 Rxc5 19.Rxc5 Bxe5 20.Rxe5 Kf7 21.Ra5 Be4
22.f3 Bd5 23.Bf4 Ke6 24.Be5 Kd7 25.Kc3 Kc8 26.Kb4 Kb7 27.Kc5 g5 28.Bg3 Bf7
29.Kb4 Rd8 30.Kc3 Bd5 31.Ra4 Rg8 32.Rb4+ Ka8 33.Rb2 h5 34.Be5 a5 35.Bc7 g4
36.fxg4 Rxg4 37.g3 Re4 38.Bxa5 e5 39.dxe5 Rxe5 40.Bc7 Re3+ 41.Kd4 Ra3 42.Kc5 Rxa2
43.Rxa2+ Bxa2  1/2-1/2

[Event "8th Vasylyshyn Mem GM"]
[Site "Lviv UKR"]
[Date "2011.12.04"]
[Round "6"]
[White "Ris,R"]
[Black "Molnar,P SVK"]
[Result "1/2-1/2"]
[WhiteElo "2400"]
[BlackElo "2363"]

1.d4 Nf6 2.c4 g6 3.Nc3 d5 4.cxd5 Nxd5 5.e4 Nxc3 6.bxc3 Bg7 7.Bc4 c5 8.Ne2 Nc6
9.Be3 O-O 10.O-O Qc7 11.Rc1 b6 12.Qd2  1/2-1/2

[Event "XVII Navalmoral Open"]
[Site "Navalmoral de la Mata ESP"]
[Date "2011.12.04"]
[Round "2"]
[White "Fier,A"]
[Black "Asis Gargatagli,H"]
[Result "1/2-1/2"]
[WhiteElo "2573"]
[BlackElo "2444"]

1.d4 Nf6 2.c4 g6 3.Nc3 d5 4.cxd5 Nxd5 5.e4 Nxc3 6.bxc3 Bg7 7.Bc4 c5 8.Ne2 Nc6
9.Be3 O-O 10.O-O Bd7 11.Rb1 Qc7 12.Bd3 a6 13.h3 b5 14.Qc1 Qd6 15.d5 Ne5 16.Bc2 Nc4
17.Bg5 e5 18.Bd3 Na5 19.Ng3 c4 20.Bc2 Nb7 21.h4 Nc5 22.h5 a5 23.a3 a4 24.hxg6 fxg6
25.Rb4 Na6 26.Rb1 Nc5 27.Rb4 Na6 28.Rb1  1/2-1/2

[Event "London Classic FIDE Open"]
[Site "London ENG"]
[Date "2011.12.07"]
[Round "5"]
[White "Thorfinnsson,Bj"]
[Black "White,Mi"]
[Result "1-0"]
[WhiteElo "2402"]
[BlackElo "2214"]

1.d4 Nf6 2.c4 g6 3.Nc3 d5 4.cxd5 Nxd5 5.e4 Nxc3 6.bxc3 Bg7 7.Bc4 c5 8.Ne2 Nc6
9.Be3 O-O 10.O-O Qc7 11.Rc1 Rd8 12.h3 e6 13.Qd2 Na5 14.Bd3 a6 15.Bf4 e5 16.Bh6 Bh8
17.d5 c4 18.Bc2 b5 19.f4 f6 20.fxe5 fxe5 21.Rf2 Nb7 22.Rcf1 Bd7 23.Ng3 a5
24.Kh1 Nd6 25.Qg5 b4 26.Qe7  1-0

[Event "2nd JAHV McGregor Open"]
[Site "Bogota COL"]
[Date "2011.12.09"]
[Round "7"]
[White "Fernandez,AL"]
[Black "Villegas,Jeisson Steven"]
[Result "1-0"]
[WhiteElo "2117"]
[BlackElo "1695"]

1.d4 Nf6 2.c4 g6 3.Nc3 d5 4.cxd5 Nxd5 5.e4 Nxc3 6.bxc3 Bg7 7.Bc4 O-O 8.Be3 c5
9.Ne2 cxd4 10.cxd4 Nc6 11.Rc1 Bg4 12.f3 Na5  1-0

[Event "2nd JAHV McGregor Open"]
[Site "Bogota COL"]
[Date "2011.12.09"]
[Round "7"]
[White "Martinez Baquero,Hugo Esteban"]
[Black "Prieto,E"]
[Result "0-1"]
[WhiteElo "1911"]
[BlackElo "2114"]

1.d4 Nf6 2.c4 g6 3.Nc3 d5 4.cxd5 Nxd5 5.e4 Nxc3 6.bxc3 Bg7 7.Be3 O-O 8.Bc4 c5
9.Ne2 cxd4 10.cxd4 Nc6 11.O-O Bg4 12.f3 Na5 13.Bxf7+ Rxf7 14.fxg4 Rxf1+ 15.Kxf1 e5
16.dxe5 Nc4 17.Qb3 b5 18.Rc1 Bxe5 19.g5 Qd6 20.g3 Rf8+ 21.Bf4 Bxf4 22.gxf4 Rxf4+
23.Kg2 Rxe4 24.Qxb5 Rxe2+ 25.Kf1 Qf4+ 26.Kxe2 Qe3+ 27.Kf1 Qxc1+ 28.Kf2 Qb2+  0-1

[Event "Schachbundesliga 2011-12"]
[Site "Baden Baden GER"]
[Date "2011.12.10"]
[Round "6"]
[White "Erdos,V"]
[Black "Henrichs,T"]
[Result "1/2-1/2"]
[WhiteElo "2608"]
[BlackElo "2473"]

1.d4 Nf6 2.c4 g6 3.Nc3 d5 4.cxd5 Nxd5 5.e4 Nxc3 6.bxc3 Bg7 7.Bc4 c5 8.Ne2 O-O
9.O-O Nc6 10.Be3 Bg4 11.f3 Bd7 12.Rb1 Qc7 13.Qd2 Rad8 14.Rfc1 Bc8 15.Bb3 b6
16.d5 Ba6 17.Bg5 Na5 18.Qe3 Bc4 19.Bxc4 Nxc4 20.Qd3 Na3 21.Rb2 b5 22.Ng3 a6
23.Re2  1/2-1/2

[Event "14th Padova Open"]
[Site "Padova ITA"]
[Date "2011.12.13"]
[Round "3"]
[White "Naumkin,I"]
[Black "Valsecchi,A"]
[Result "1/2-1/2"]
[WhiteElo "2432"]
[BlackElo "2376"]

1.d4 Nf6 2.c4 g6 3.Nc3 d5 4.cxd5 Nxd5 5.e4 Nxc3 6.bxc3 Bg7 7.Bc4 b6 8.Nf3 O-O
9.O-O Bb7 10.Qc2 Nc6 11.Rd1 Na5 12.Bf1 Qc8 13.Ba3 c5 14.dxc5 Qe6 15.Nd4  1/2-1/2

[Event "14th Padova Open"]
[Site "Padova ITA"]
[Date "2011.12.16"]
[Round "7"]
[White "Naumkin,I"]
[Black "Sorbera,G"]
[Result "1-0"]
[WhiteElo "2432"]
[BlackElo "2140"]

1.d4 Nf6 2.c4 g6 3.Nc3 d5 4.cxd5 Nxd5 5.e4 Nxc3 6.bxc3 Bg7 7.Bc4 c5 8.Ne2 Nc6
9.Be3 O-O 10.O-O Bg4 11.f3 Na5 12.Bxf7+ Rxf7 13.fxg4 Rxf1+ 14.Kxf1 Qd6 15.e5 Qd5
16.Bf2 Rf8 17.Kg1 Bh6 18.Ng3 Nc4 19.Nf1 Qe4 20.Qe1 Qc2 21.dxc5 Nxe5 22.Bd4 Bg7
23.h3 Nd3 24.Qe6+ Kh8 25.Qxe7 Bxd4+ 26.cxd4 Qf2+ 27.Kh1 Rf7 28.Qe8+ Kg7 29.Ne3 Qg3
30.Kg1 Qf2+ 31.Kh1 Qg3 32.Kg1 Nf2 33.Qe5+ Qxe5 34.dxe5 Nd3 35.c6 bxc6 36.Nc4 Re7
37.Rd1 Nxe5 38.Nxe5 Rxe5 39.Rd7+ Kf6 40.Rxa7 h6 41.Kf2 Ke6 42.Ra3 Kd5 43.Rd3+ Kc5
44.Rc3+ Kd5 45.a4 c5 46.a5 Re6 47.Ra3 Ra6 48.g5 h5 49.h4 Kc4 50.g4 Kb4 51.Ra1 c4
52.Rb1+ Ka3 53.gxh5 gxh5 54.Ke3 Ka2 55.Rb4 c3 56.Kd3 Rc6 57.Kc2 Ka3 58.Rb3+ Ka4
59.Rxc3 Rd6 60.Rg3 Kxa5 61.g6 Rd8 62.g7 Rg8 63.Kd3 Kb5 64.Ke4 Kb4  1-0

[Event "European Rapid 2011"]
[Site "Warsaw POL"]
[Date "2011.12.17"]
[Round "7"]
[White "Sieciechowicz,M"]
[Black "Ruck,R1"]
[Result "0-1"]
[WhiteElo "2441"]
[BlackElo "2579"]

1.d4 Nf6 2.c4 g6 3.Nc3 d5 4.cxd5 Nxd5 5.e4 Nxc3 6.bxc3 Bg7 7.Bc4 c5 8.Ne2 Nc6
9.Be3 O-O 10.O-O Qc7 11.Rc1 Rd8 12.Bf4 Be5 13.Bxe5 Nxe5 14.Bd3 Ng4 15.g3 e5
16.Qb3 Qe7 17.d5 Nf6 18.Kg2 Ne8 19.Rce1 Nd6 20.c4 Bd7 21.Ng1 f6 22.f4 Rf8
23.Nf3 Bg4 24.Ng1 Rae8 25.f5 gxf5 26.exf5 Qd7 27.Qc2 e4 28.Rxe4 Nxe4 29.Bxe4 Re7
30.Rf4 Bh5 31.g4 Qd6 32.Ne2 Bf7 33.Rf2 Rfe8 34.Bd3 b5 35.Nf4 bxc4 36.Qxc4 Re5
37.Rc2 Rxd5 38.Rf2 Rd4 39.Qa6 Qxa6 40.Bxa6 Ree4 41.Kg3 Ra4 42.Bb7 Re3+ 43.Bf3 Rxa2
44.Rf1 a5 45.h4 h6 46.Rd1 Raa3 47.Rf1 a4 48.Kg2 Rxf3  0-1

[Event "European Rapid 2011"]
[Site "Warsaw POL"]
[Date "2011.12.17"]
[Round "7"]
[White "Genutis,M"]
[Black "Leniart,A"]
[Result "0-1"]
[WhiteElo "2322"]
[BlackElo "2455"]

1.d4 Nf6 2.c4 g6 3.Nc3 d5 4.cxd5 Nxd5 5.e4 Nxc3 6.bxc3 Bg7 7.Nf3 O-O 8.Rb1 c5
9.Be2 Nc6 10.d5 Bxc3+ 11.Bd2 Bxd2+ 12.Qxd2 Nb8 13.h4 h5 14.Qh6 Qa5+ 15.Kf1 Qxa2
16.Bd3 Nd7 17.Ng5 Nf6 18.e5 Qxf2+ 19.Kxf2 Ng4+ 20.Ke2 Nxh6 21.e6 fxe6 22.dxe6 Rf6
23.Kd2 Kg7 24.Kc3 b6 25.Rhe1 Bb7 26.g3 Rd8 27.Be4 Bxe4 28.Rxe4 Rd6 29.Kc4 Nf5
30.Rb3 Rd4+ 31.Rxd4 Nxd4 32.Re3 a5 33.Kd5 Rf5+ 34.Ke4 a4  0-1

[Event "European Rapid 2011"]
[Site "Warsaw POL"]
[Date "2011.12.18"]
[Round "9"]
[White "Swiercz,D"]
[Black "Bartel,Mat"]
[Result "0-1"]
[WhiteElo "2584"]
[BlackElo "2653"]

1.d4 Nf6 2.c4 g6 3.Nc3 d5 4.cxd5 Nxd5 5.e4 Nxc3 6.bxc3 Bg7 7.Bc4 O-O 8.Ne2 Nc6
9.O-O b6 10.Be3 Bb7 11.Qd2 Na5 12.Bd3 c5 13.Rac1 e6  0-1

[Event "European Rapid 2011"]
[Site "Warsaw POL"]
[Date "2011.12.18"]
[Round "12"]
[White "Podolchenko,E"]
[Black "Melkumyan,H"]
[Result "0-1"]
[WhiteElo "2484"]
[BlackElo "2615"]

1.d4 Nf6 2.c4 g6 3.Nc3 d5 4.cxd5 Nxd5 5.e4 Nxc3 6.bxc3 Bg7 7.Nf3 c5 8.Be3 Qa5
9.Qd2 Nc6 10.Rc1 cxd4 11.cxd4 Qxd2+ 12.Kxd2 O-O 13.d5 Rd8 14.Ke1 Nb4 15.Bd2 Na6
16.Bd3 e6 17.Bg5 f6 18.Bd2 exd5 19.exd5 Bf5 20.Bxf5 gxf5 21.Ke2 Rxd5 22.Rhd1 Re8+
23.Kf1 Red8 24.Ke2 b6 25.Be3 Rxd1 26.Rxd1 Rxd1 27.Kxd1 Nb4 28.a3 Nd5 29.Bc1 Bf8
30.Nd4 Bc5 31.Nxf5 Bxf2 32.Ke2 Bg1 33.h3 Kf7 34.Kd3 Ke6 35.g4 Ne7 36.Ke4 Bc5
37.Ng7+ Kf7 38.Nh5 b5 39.Bb2 a5 40.a4 bxa4 41.Nxf6 a3 42.Ba1 Nc6 43.Nd5 Nb4
44.Nf4 a2 45.Nd3 Nxd3 46.Kxd3 Be7 47.Kd2 Ke8 48.Ke1  0-1

[Event "48th Groningen Open A"]
[Site "Groningen NED"]
[Date "2011.12.26"]
[Round "5.2"]
[White "Hess,Ro"]
[Black "Kovchan,A"]
[Result "1/2-1/2"]
[WhiteElo "2625"]
[BlackElo "2573"]

1.d4 Nf6 2.c4 g6 3.Nc3 d5 4.cxd5 Nxd5 5.e4 Nxc3 6.bxc3 Bg7 7.Bc4 c5 8.Ne2 O-O
9.O-O Nc6 10.Be3 Na5 11.Bd3 b6 12.Rc1 e5 13.dxc5 Be6 14.c4 bxc5 15.Bxc5 Bh6
16.Rc2 Re8 17.Nc3 Rc8 18.Bb4 Nxc4 19.Nd5 Bxd5 20.exd5 Qb6 21.a3 Nd6 22.Rxc8 Rxc8
23.Qg4 f5 24.Qh3 Nf7 25.g4 e4 26.Bxe4 a5 27.gxf5 Re8 28.fxg6 hxg6 29.Bxa5 Qxa5
30.Bxg6 Qxd5 31.Qg2 Qxg2+ 32.Kxg2 Ra8 33.Bxf7+ Kxf7 34.Rb1 Rxa3 35.Rb7+ Kg6
36.Rb6+ Kh7 37.Rf6 Bg5 38.Rf3 Ra4 39.h3 Kg6 40.Kg3 Rb4 41.Ra3 Bf4+ 42.Kf3 Be5
43.Kg2 Kf5 44.Ra8 Rb7 45.Rg8 Bf6 46.Rg3 Bg5 47.Ra3 Bf4 48.Ra8 Rg7+ 49.Kf3 Be5
50.Rf8+ Ke6 51.Re8+ Kd5 52.Rf8 Rg6 53.Rf5 Rg8 54.Rh5 Rf8+ 55.Ke2 Ke4 56.Rh4+ Bf4
57.Rh7 Ra8 58.Re7+ Be5 59.Kf1 Rf8 60.Kg2 Rf5 61.Re8 Rf7 62.Kf1 Rg7 63.Rf8 Rg5
64.Rf7 Rg8 65.Re7 Rf8 66.Kg2 Rf5 67.Ra7 Bd4 68.Ra2 Rg5+ 69.Kf1 Rg8 70.Ra3 Bc5
71.Rc3 Rg5 72.Rc4+ Bd4 73.Ra4 Rf5 74.Ra2 Bc5 75.Rd2 Rf8 76.Kg2 Ra8 77.Kf1 Bd4
78.Kg2 Rg8+ 79.Kf1 Be5 80.Re2+ Kf5 81.Re3 Bh2 82.Rf3+ Ke4 83.Re3+ Kf4 84.Ke2 Rg1
85.Rf3+ Ke4 86.Re3+ Kf5 87.Kf3 Bd6 88.Rd3 Be5 89.Ke2  1/2-1/2

[Event "Cracovia Open A"]
[Site "Krakow POL"]
[Date "2011.12.27"]
[Round "1.33"]
[White "Swiech,Pr1"]
[Black "Slabek,G"]
[Result "1-0"]
[WhiteElo "2269"]
[BlackElo "2051"]

1.d4 g6 2.c4 Nf6 3.Nc3 d5 4.cxd5 Nxd5 5.e4 Nxc3 6.bxc3 Bg7 7.Nf3 O-O 8.h3 c5
9.Be2 Nc6 10.Be3 Qa5 11.O-O Qxc3 12.Rc1 Qa3 13.d5 Nd4 14.Nxd4 cxd4 15.Bxd4 Bxd4
16.Qxd4 Qxa2 17.Bf3 Qa6 18.Rc7 Qd6 19.Rfc1 e5 20.Qb2 a5 21.Bd1 a4 22.Bxa4 Rxa4
23.Rxc8 Rxe4 24.Qxb7 Rd4 25.R1c6 Qxd5 26.Qe7 Rd8 27.R6c7 Rxc8 28.Rxc8+ Kg7
29.Qf8+ Kf6 30.Qh8+ Kg5 31.Qxh7 Rf4 32.Rc3 Qd1+ 33.Kh2 Qd8 34.Qg7 Qe7 35.Re3 e4
36.Kg1 Qc7 37.Rg3+ Kf5 38.Qd4 Ke6 39.Rb3 Qc1+ 40.Kh2 Qc7 41.Rb6+ Ke7 42.Qb4+ Kd8
43.Rb8+ Kd7 44.Rb7  1-0

[Event "ch-AUS 2011-12"]
[Site "North Geelong AUS"]
[Date "2011.12.27"]
[Round "1.6"]
[White "Ferozkohi,I"]
[Black "Illingworth,M"]
[Result "1/2-1/2"]
[WhiteElo "2125"]
[BlackElo "2401"]

1.c4 Nf6 2.d4 g6 3.Nc3 d5 4.cxd5 Nxd5 5.e4 Nxc3 6.bxc3 Bg7 7.Nf3 c5 8.Bb5+ Nc6
9.O-O cxd4 10.cxd4 O-O 11.Be3 Bg4 12.Bxc6 bxc6 13.Rc1 Qa5 14.Qd2 Qa6 15.Ne5 Bxe5
16.dxe5 Rfd8 17.Qb4 Rd7 18.h3 Be6 19.Rfd1 Rb7 20.Qc3 Rc7 21.Bh6 Qxa2 22.Ra1 Qe2
23.Rd4 c5 24.Rda4 c4 25.f3 Rb7 26.R4a2 Qd3 27.Qc1 c3 28.Rc2 Rc8 29.Ra3 Bb3
30.Rd2 Qc4 31.Rf2 Rd7 32.Kh2 c2 33.Qb2 Rd3 34.Rxa7 Qc5 35.e6 f6 36.Rd7 Qxf2
37.Rxd3 g5 38.Rxb3 Qc5 39.Qc1 Qd6+ 40.f4 Qxe6 41.Rg3  1/2-1/2

[Event "XLI Rilton Cup 2011-12"]
[Site "Stockholm SWE"]
[Date "2011.12.27"]
[Round "1"]
[White "Ivanov,Sergey1"]
[Black "Eriksson,Jor"]
[Result "1-0"]
[WhiteElo "2537"]
[BlackElo "2240"]

1.d4 Nf6 2.c4 g6 3.Nc3 d5 4.cxd5 Nxd5 5.e4 Nxc3 6.bxc3 Bg7 7.Nf3 c5 8.Be3 Nc6
9.Rc1 cxd4 10.cxd4 Qa5+ 11.Bd2 Qb6 12.Rb1 Qd8 13.d5 Ne5 14.Nxe5 Bxe5 15.Bb5+ Bd7
16.Qa4 b6 17.f4 Bg7 18.Ke2 Bxb5+ 19.Qxb5+ Qd7 20.a4 Qxb5+ 21.axb5 O-O-O 22.Rbc1+ Kb7
23.Rc6 Rd7 24.Rhc1 Rhd8 25.Bb4 Bd4 26.R1c4 Bg1 27.h3 Kb8 28.Rc1 Bd4 29.Rd1 Bg7
30.g4 Bf8 31.Bc3 Kb7 32.f5 gxf5 33.gxf5 Rd6 34.Be5 Rh6 35.Bf4 Rh4 36.Rc7+ Ka8
37.Kf3 Rxh3+ 38.Kg4 Ra3 39.Rdc1 e5 40.dxe6 h5+ 41.Kg5  1-0

[Event "Zuerich Weihnachtsopen Masters"]
[Site "Zuerich SUI"]
[Date "2011.12.27"]
[Round "3"]
[White "David,Alb"]
[Black "Heimann,An"]
[Result "1-0"]
[WhiteElo "2597"]
[BlackElo "2459"]

1.d4 Nf6 2.c4 g6 3.Nc3 d5 4.cxd5 Nxd5 5.e4 Nxc3 6.bxc3 Bg7 7.Bc4 c5 8.Ne2 Nc6
9.Be3 O-O 10.O-O Bg4 11.f3 Bd7 12.Rb1 Qc7 13.Bd3 Rad8 14.Qc1 Na5 15.Qa3 e5
16.d5 c4 17.Bc2 b6 18.f4 Bg4 19.Ng3 exf4 20.Bxf4 Be5 21.Qc1 f6 22.h3 Bd7
23.Ne2 Nb7 24.Nd4 Rde8 25.Qe3 Bxf4 26.Rxf4 Qe5 27.Qd2 Nd6 28.Re1 b5 29.Nf3 Qe7
30.e5 fxe5 31.Rxe5 Qg7 32.Rxf8+ Rxf8 33.Qe3 Bf5 34.Bxf5 Nxf5 35.Qc5 Qh6 36.d6 Qc1+
37.Re1 Qf4 38.d7 Qd6 39.Qxb5 Kg7 40.Re8 Qd1+ 41.Kh2  1-0

[Event "20th Aschacher Donau"]
[Site "Aschach AUT"]
[Date "2011.12.28"]
[Round "4"]
[White "Krejci,Jan2"]
[Black "Banas,J"]
[Result "1-0"]
[WhiteElo "2486"]
[BlackElo "2311"]

1.d4 Nf6 2.c4 g6 3.Nc3 d5 4.cxd5 Nxd5 5.e4 Nxc3 6.bxc3 Bg7 7.Nf3 c5 8.Rb1 O-O
9.Be2 Nd7 10.O-O Nf6 11.Bd3 Qc7 12.h3 b6 13.Re1 Bb7 14.d5 Rad8 15.c4 e5 16.a4 Ne8
17.a5 Rb8 18.Nh2 Nd6 19.axb6 axb6 20.f4 f5 21.fxe5 Nxe4 22.Bxe4 fxe4 23.e6 Bd4+
24.Be3 Be5 25.Ng4 Ba6 26.Qa4 Ra8 27.Qc2 Bg3 28.Rf1 h5 29.Nf6+ Kg7 30.Nd7 Rf5
31.Qxe4  1-0

[Event "Cracovia Open A"]
[Site "Krakow POL"]
[Date "2011.12.28"]
[Round "2.3"]
[White "Swiech,Pr1"]
[Black "Cyborowski,L"]
[Result "0-1"]
[WhiteElo "2269"]
[BlackElo "2548"]

1.d4 Nf6 2.c4 g6 3.Nc3 d5 4.cxd5 Nxd5 5.e4 Nxc3 6.bxc3 Bg7 7.Nf3 c5 8.Rb1 O-O
9.Be2 Nc6 10.d5 Ne5 11.Qc2 f5 12.Nxe5 Bxe5 13.f4 Bg7 14.e5 Qxd5 15.Bf3 Qd7
16.Qb3+ Kh8 17.h4 h5 18.Be3 Rb8 19.Bxc5 b6 20.O-O Qc7 21.Ba3 Ba6 22.Rfd1 Bc4
23.Qb4 Rfe8 24.Bd5 Bxd5 25.Rxd5 e6 26.Rd6 Bf8 27.Qa4 Qxc3 28.Rb3 Qe1+ 29.Kh2 Qxh4+
30.Rh3 Qf2 31.Rf3 b5 32.Qb3 Qh4+ 33.Kg1 b4 34.Bb2 Qe7 35.Rfd3 Rb7 36.Rg3 Kh7
37.Qd1 Qf7 38.Qd4 Rc8 39.Rd3 a5 40.Kh2 a4 41.a3 bxa3 42.Rxa3 Bxd6 43.exd6 Qg7
44.Qxg7+ Rxg7 45.Bxg7 Kxg7 46.Rxa4 Rd8 47.Ra6 Kf6 48.Kg3 g5 49.fxg5+ Kxg5
50.Kf3 Kf6 51.Ke3 Ke5 52.Kf3 Kf6  0-1

[Event "North American Open"]
[Site "Las Vegas USA"]
[Date "2011.12.28"]
[Round "4"]
[White "Zenyuk,I"]
[Black "Hunt,A"]
[Result "0-1"]
[WhiteElo "2234"]
[BlackElo "2458"]

1.d4 Nf6 2.c4 g6 3.Nc3 d5 4.cxd5 Nxd5 5.e4 Nxc3 6.bxc3 Bg7 7.Nf3 c5 8.Bb5+ Nd7
9.a4 O-O 10.O-O a6 11.Bd3 cxd4 12.cxd4 Nc5 13.Bc2 Bg4 14.Be3 Bxf3 15.gxf3 Ne6
16.d5 Bxa1 17.Qxa1 Ng7 18.Bh6 f6 19.Rd1 Qd6 20.Bb3 Kh8 21.f4 Qb4 22.Bc2 Rac8
23.Bd3 Rc3 24.e5 fxe5 25.Be2 exf4 26.d6 exd6 27.Rxd6 Qxd6 28.Qxc3 Qf6 29.Qc5 Ne6
30.Qc4 Re8 31.Bg4 g5 32.Bxe6 Qxh6  0-1

[Event "Czech Chess Christmas 2011"]
[Site "Litomysl CZE"]
[Date "2011.12.28"]
[Round "4.3"]
[White "Cerveny,M"]
[Black "Zakharchenko,A"]
[Result "1-0"]
[WhiteElo "2347"]
[BlackElo "2233"]

1.d4 Nf6 2.c4 g6 3.Nc3 d5 4.cxd5 Nxd5 5.e4 Nxc3 6.bxc3 Bg7 7.Nf3 O-O 8.Be2 c5
9.Rb1 Nc6 10.d5 Bxc3+ 11.Bd2 Bxd2+ 12.Qxd2 Na5 13.h4 Bg4 14.h5 Bxf3 15.gxf3 e5
16.hxg6 fxg6 17.d6 Rf6 18.Qd5+ Kg7 19.f4 exf4 20.e5 Rf5 21.Rxb7+ Nxb7 22.Qxb7+ Rf7
23.Rxh7+ Kxh7 24.Qxf7+ Kh6 25.Qxf4+ Kg7 26.e6 Qa5+ 27.Kf1 Qc3 28.Qf7+ Kh6
29.e7  1-0

[Event "Hastings Masters 2011-12"]
[Site "Hastings ENG"]
[Date "2011.12.29"]
[Round "2.2"]
[White "Demuth,A"]
[Black "Howell,D"]
[Result "0-1"]
[WhiteElo "2442"]
[BlackElo "2633"]

1.d4 Nf6 2.c4 g6 3.Nc3 d5 4.cxd5 Nxd5 5.e4 Nxc3 6.bxc3 Bg7 7.Nf3 c5 8.Rb1 O-O
9.Be2 b6 10.O-O Qc7 11.d5 Bxc3 12.Bg5 Bg4 13.Qc1 Bg7 14.Bf4 Qc8 15.Qe3 e6
16.h3 Bxf3 17.Qxf3 e5 18.Bg3 Qc7 19.Rfd1 Qd6 20.a4 a6 21.Bc4 Ra7 22.Qb3 Nd7
23.Qd3 f5 24.Bh4 fxe4 25.Be7 exd3 26.Bxd6 Rf4 27.Rbc1 Bh6 28.Rxd3 Rf6 29.Be7 Bxc1
30.Bxf6 Nxf6 31.d6+ Kf8 32.Rf3 Kg7 33.Rb3 Nd7 34.Rf3 Nf6 35.Rb3 Rd7 36.Rxb6 Ne4  0-1

[Event "Cracovia Open A"]
[Site "Krakow POL"]
[Date "2011.12.29"]
[Round "3.5"]
[White "Laurusas,T"]
[Black "Tomczak,J"]
[Result "0-1"]
[WhiteElo "2363"]
[BlackElo "2544"]

1.d4 Nf6 2.c4 g6 3.Nc3 d5 4.cxd5 Nxd5 5.e4 Nxc3 6.bxc3 Bg7 7.Bc4 c5 8.Ne2 O-O
9.O-O Nc6 10.Be3 Qc7 11.Rb1 Rd8 12.Bf4 Be5 13.Bxe5 Nxe5 14.Bb3 Nc6 15.Qc1 b6
16.Rd1 Na5 17.Qe3 e6 18.Nf4 Nxb3 19.axb3 cxd4 20.cxd4 Bb7 21.Rbc1 Qd6 22.f3 Rac8
23.Nh3 a5 24.e5 Rxc1 25.Qxc1 Qb4 26.Qe3 Rc8 27.Nf2 h5 28.h4 b5 29.Rd3 Qa3
30.Ne4 Qc1+ 31.Qxc1 Rxc1+ 32.Kf2 Rc2+ 33.Kg3 Bd5 34.Nc5 Rb2 35.Kh3 Kg7 36.g4 Kh6
37.Kg3 b4 38.Kf4 Rh2 39.Kg3 Rc2 40.Kf4 hxg4 41.fxg4 Rc1 42.Na4 Rf1+ 43.Kg3 Rg1+
44.Kh3 Rb1 45.Nc5 Rc1 46.Na4 Rh1+ 47.Kg3 Rg1+ 48.Kh3 Be4 49.Re3 Bc2 50.Rf3 Kg7
51.Nc5 Bd1 52.Rf4 Re1 53.Nb7 Re3+ 54.Kg2 g5 55.hxg5 Bxb3 56.Nd6 Bd5+ 57.Kf2 Rc3
58.Rxf7+ Kg6 59.Rf8 Kxg5 60.Ke2 b3 61.Kd2 b2 62.Rf1 Rb3 63.Kc2 a4 64.Rg1 a3
65.Ne4+ Bxe4+ 66.Kxb3 b1=Q+ 67.Rxb1 Bxb1  0-1